00866nam a2200217 i 450000100060000000300090000600500170001500700030003200800410003508000370007610000250011324501520013826000810029030000420037160000400041365500400045370000250049370000360051871000730055485200210062773967ES-MaACL20230906171956.0t|040914s1982 sp ||||1| spa d a75 González, Gonzalo (083.824)1 aGonzález, Gonzalo.10aGonzalo González : b[exposición: Sala de Arte y Cultura de La Laguna, 28 septiembre-15 octubre, 1982] / cEduardo Westerdahl, Carlos E. Pinto. aSanta Cruz de Tenerife : bCaja General de Ahorros y Monte de Piedad,c1982. a85 p., 19 lám. col. y n. ; c21 cm.14aGonzález, Gonzalo-vExposiciones. 72tgfbneaCatálogos de exposiciones1 aWesterdahl, Eduardo.1 aPinto Trujillo, Carlos Eduardo.2 aCaja General de Ahorros y Monte de Piedad de Santa Cruz de Tenerife. aES-MaACLjL-4321